Detalles MARC
| 000 -CABECERA |
| campo de control de longitud fija |
01202nam a2200289 a 4500 |
| 001 - NÚMERO DE CONTROL |
| campo de control |
000005425 |
| 003 - IDENTIFICADOR DEL NÚMERO DE CONTROL |
| campo de control |
DO-SdBNP |
| 005 - FECHA Y HORA DE LA ÚLTIMA TRANSACCIÓN |
| campo de control |
20231113104210.0 |
| 008 - DATOS DE LONGITUD FIJA--INFORMACIÓN GENERAL |
| campo de control de longitud fija |
090819s1981 es 001 0 spa d |
| 020 ## - NÚMERO INTERNACIONAL ESTÁNDAR DEL LIBRO |
| Número Internacional Estándar del Libro |
8400049462 |
| 040 ## - FUENTE DE LA CATALOGACIÓN |
| Centro catalogador/agencia de origen |
DO-SdBNP |
| Lengua de catalogación |
spa |
| Centro/agencia transcriptor |
BNPHU |
| 082 #4 - NÚMERO DE LA CLASIFICACIÓN DECIMAL DEWEY |
| Número de clasificación |
338.9464 |
| Número de documento/Ítem |
B271i |
| Número de edición |
22 |
| 100 1# - ENTRADA PRINCIPAL--NOMBRE DE PERSONA |
| Nombre de persona |
Barreda Fontes, Jose María |
| 9 (RLIN) |
15395 |
| 245 10 - MENCIÓN DE TÍTULO |
| Título |
Ilustración y reforma en la mancha : |
| Resto del título |
las reales sociedades económicas de amigos del país. / |
| Mención de responsabilidad, etc. |
Jose María Barreda Fontes, Juan Manuel Carretero Zamora ; prólogo de Manuel Espadas Burgos. |
| 260 ## - PUBLICACIÓN, DISTRIBUCIÓN, ETC. |
| Lugar de publicación, distribución, etc. |
Madrid : |
| Nombre del editor, distribuidor, etc. |
Consejo Superior de Investigaciones Científicas, |
| Fecha de publicación, distribución, etc. |
1981. |
| 300 ## - DESCRIPCIÓN FÍSICA |
| Extensión |
247 p. ; |
| Dimensiones |
20 cm |
| 490 0# - MENCIÓN DE SERIE |
| Mención de serie |
Monografías / Instituto Jerónimo Zurita |
| Designación de volumen o secuencia |
1 |
| 500 ## - NOTA GENERAL |
| Nota general |
Incluye referencias bibliograficas |
| 500 ## - NOTA GENERAL |
| Nota general |
Incluye tabla de contenido |
| 651 #4 - PUNTO DE ACCESO ADICIONAL DE MATERIA--NOMBRE GEOGRÁFICO |
| Nombre geográfico |
La Mancha, España |
| Subdivisión general |
Política económica |
| 9 (RLIN) |
15396 |
| 651 #4 - PUNTO DE ACCESO ADICIONAL DE MATERIA--NOMBRE GEOGRÁFICO |
| Nombre geográfico |
La Mancha, España |
| Subdivisión general |
Condiciones económicas |
| Subdivisión geográfica |
España |
| 9 (RLIN) |
15397 |
| 651 #4 - PUNTO DE ACCESO ADICIONAL DE MATERIA--NOMBRE GEOGRÁFICO |
| Nombre geográfico |
España |
| Subdivisión general |
Población |
| -- |
Historia |
| 9 (RLIN) |
15398 |
| 700 1# - PUNTO DE ACCESO ADICIONAL--NOMBRE DE PERSONA |
| Nombre de persona |
Carretero Zamora, Juan Manuel. |
| 9 (RLIN) |
15399 |
| 700 1# - PUNTO DE ACCESO ADICIONAL--NOMBRE DE PERSONA |
| Nombre de persona |
Espadas Burgos, Manuel |
| Término indicativo de función/relación |
pról. |
| 9 (RLIN) |
15130 |
| 830 #0 - PUNTO DE ACCESO ADICIONAL DE SERIE-TÍTULO UNIFORME |
| Título uniforme |
Monografías / Instituto Jerónimo Zurita |
| Designación de volumen o secuencia |
1 |
| 9 (RLIN) |
15400 |
| 942 ## - ELEMENTOS DE PUNTO DE ACCESO ADICIONAL (KOHA) |
| Fuente del sistema de clasificación o colocación |
Dewey Decimal Classification |
| Tipo de ítem Koha |
Libro |